000 00753nam a22002537a 4500
005 20230512222253.0
008 180825t xxu||||| |||| 00| 0 eng d
020 _a9781680954876
040 _cCSPC
082 0 _a621.31042
_bEl253
110 0 _a3G E-Learning
245 0 0 _aElectrical machines
260 _aUSA:
_b3G E-Learning LLC,
_c2017.
300 _axii, 340 pages:
_bfigures, images, tables;
_c24 cm.
336 _2rdacontent
_atext
337 _2rdamedia
_aunmediated
338 _2rdacarrier
_avolume
500 _aIncludes Index.
650 1 0 _aElectric machinery.
940 _aLenie
942 _cBOOK
_jENG 621.31042 El253 2017
999 _c5680
_d5680